Normal view
MARC view
- BERMUDEZ,B.ANDREA
Entry Personal Name
001 - CONTROL NUMBER
- control field: 134218
003 - CONTROL NUMBER IDENTIFIER
- control field: NUST
005 - DATE AND TIME OF LATEST TRANSACTION
- control field: 20260420161610.0
008 - FIXED-LENGTH DATA ELEMENTS
- fixed length control field: 260420|| aca||aabn | a|a d
040 ## - CATALOGING SOURCE
- Original cataloging agency: NUST
- Transcribing agency: NUST
100 ## - HEADING--PERSONAL NAME
- Personal name: BERMUDEZ,B.ANDREA
670 ## - SOURCE DATA FOUND
- Source citation: Work cat.: (NUST): BERMUDEZ,B.ANDREA., THE LANGUAGE OF LITERATURE /, 2006.
